000 00812cam a2200205 4500
001 X122679
008 030620n2003 000 0 eng u
035 _a(Sirsi) u122679
100 _aTinworth, A.
245 _aWho needs good design?
260 _c2003
490 _aEstates Gazette
_v(0313) 7 June 2003, 126(1)
520 _aBriefly looks at the discussion at the British Council for Offices conference May 2003. Examines the dichotomy between environmentally friendly buildings and the need for more interaction between property and the community. Questions whether 'design is the future' is the message all delegates wanted to follow.
590 _aABS
650 _aOFFICES
650 _aENVIRONMENTALLY-FRIENDLY BUILDINGS
650 _aBCO
690 _aPROPERTY MANAGEMENT
_96262
942 _n0
999 _c72895
_d72895